North American Soluta (Record no. 29989)

MARC details
000 -LEADER
fixed length control field 00877cam a22002771 4500
001 - CONTROL NUMBER
control field gs 65000134
003 - CONTROL NUMBER IDENTIFIER
control field DLC
005 - DATE AND TIME OF LATEST TRANSACTION
control field 20260227111416.0
008 - FIXED-LENGTH DATA ELEMENTS--GENERAL INFORMATION
fixed length control field 790611s1965 nyua 000 0 eng
010 ## - LIBRARY OF CONGRESS CONTROL NUMBER
LC control number gs 65000134
035 ## - SYSTEM CONTROL NUMBER
System control number (OCoLC)5055641
040 ## - CATALOGING SOURCE
Original cataloging agency DLC
Transcribing agency NIC
Modifying agency AkU
-- DLC
042 ## - AUTHENTICATION CODE
Authentication code premarc
043 ## - GEOGRAPHIC AREA CODE
Geographic area code n------
050 00 - LIBRARY OF CONGRESS CALL NUMBER
Classification number QE783.C3
Item number P3
082 ## - DEWEY DECIMAL CLASSIFICATION NUMBER
Classification number 563.9
100 1# - MAIN ENTRY--PERSONAL NAME
Personal name Parsley, Ronald L.
245 10 - TITLE STATEMENT
Title North American Soluta
Remainder of title (Carpoidea, Echinodermata)
Statement of responsibility, etc. by Ronald L. Parsley and Kenneth E. Caster.
260 ## - PUBLICATION, DISTRIBUTION, ETC.
Place of publication, distribution, etc. Ithaca, N.Y.,
Name of publisher, distributor, etc. Paleontological Research Institution,
Date of publication, distribution, etc. 1965.
300 ## - PHYSICAL DESCRIPTION
Extent 110-174 p.
Other physical details illus.
Dimensions 23 cm.
440 #0 - SERIES STATEMENT/ADDED ENTRY--TITLE
Title Bulletins of American paleontology,
Volume/sequential designation v. 49, no. 221
650 #0 - SUBJECT ADDED ENTRY--TOPICAL TERM
Topical term or geographic name entry element Soluta.
650 #0 - SUBJECT ADDED ENTRY--TOPICAL TERM
Topical term or geographic name entry element Paleontology
Chronological subdivision Paleozoic.
650 #0 - SUBJECT ADDED ENTRY--TOPICAL TERM
Topical term or geographic name entry element Paleontology
Geographic subdivision North America.
700 1# - ADDED ENTRY--PERSONAL NAME
Personal name Caster, Kenneth Edward,
Dates associated with a name 1908-
Relator term joint author.

No items available.

Powered by Koha